000 01474nam a2200385 a 4500
003 CHAP
005 20220329143650.0
008 101130s2007 mx 00010 spa d
010 _a100011
011 _a100983
020 _a9789680203598
035 _a111669
040 _cCHAP
090 _aCD-308
111 2 _aTaller Científico Internacional (
_n6
_d: 2007
_c: La Habana, Cuba)
_9111423
245 1 0 _aSexto Talller científico internacional, 1 de mayo [Disco compacto]
_c/ coordinado por Verónica Rodríguez Rodríguez, José Afredo Castellano Suárez y Ramón Rivera Espinosa
260 _aLa Habana, Cuba :
_bInstituto de Historia de Cuba, UACH,
_c2007
300 _a1 disco compacto ;
_c4 3/4 plgs.
590 _aBATCH-UPD
_b10
_c20130110
_lUCH01
_h1316
590 _aBATCH-UPD
_b10
_c20130410
_lUCH01
_h0827
590 _aBATCH-UPD
_b10
_c20130914
_lUCH01
_h0844
590 _aCONVERSION
_b10
_c20130109
_lUCH01
_h1355
650 0 4 _aCapitalismo.
_918711
650 0 4 _aMovimiento laboral.
_979158
650 0 4 _aMovimientos sociales.
_979169
650 0 4 _aTrabajo de la mujer.
_9114490
700 0 _aCastellanos Suárez, José Alfredo
_e, coord.
_920024
700 1 _aRivera Espinosa, Ramón
_e, coord.
_997637
700 1 _aRodríguez Rodríguez, Verónica
_e, coord.
_998861
901 _aBK
911 _aen proceso
942 _cCD
949 _aCD-308
_bBC
_cCD
_d33724002224215
_eCD
_i111669
_sb
949 _aCD-308
_bBC
_cCD
_d33724002224256
_eCD
_fc.2
_i111669
_sb
999 _c100011
_d100011